000 00977cam a22003137a 4500
003 CHAP
005 20220817043134.0
008 971013s1984 r 00010 d
010 _a66648
011 _a67620
035 _a77091
040 _cCHAP
082 _a641.1
_bF41
110 _aFAO
245 1 0 _aIntegrating nutrition into agricultural and rural development projects
_b: Six case studies
260 _aRome :
_bFAO,
_c1984
300 _a132 p.
_b; ilus.
490 0 _aFAO. Nutrición y agricultura
_v; 2
590 _aBATCH-UPD
_b10
_c20130110
_lUCH01
_h0956
590 _aBATCH-UPD
_b10
_c20130410
_lUCH01
_h0608
590 _aBATCH-UPD
_b10
_c20130914
_lUCH01
_h1155
590 _aCONVERSION
_b10
_c20130109
_lUCH01
_h1337
650 1 4 _aDesarrollo rural.
_932067
650 1 4 _aNutrición.
_982246
830 0 _aFAO. Nutrición y agricultura
_v; 2
_939634
901 _aBK
942 _cLIBRO
949 _a641.1 F41
_bBC
_cFAO
_d-29953
_eFAO1
_gI.139926
_h72524
_i77091
_si
999 _c66648
_d66648